[Event "Speed Chess Q2 Sw"]
[Site "Chess.com INT"]
[Date "2023.08.23"]
[Round "7"]
[White "Miszler, Levente"]
[Black "Schwabeneder, Florian"]
[Result "0-1"]
[WhiteElo "2315"]
[BlackElo "2389"]
[PlyCount "54"]
[EventDate "2023.08.23"]
[EventType "swiss (blitz)"]
[EventRounds "14"]
[EventCountry "USA"]
[SourceTitle "CBM 215 Extra"]
[Source "ChessBase"]
[SourceDate "2023.09.30"]
[SourceVersion "1"]
[SourceVersionDate "2023.09.30"]
[SourceQuality "1"]

1. Nf3 Nf6 2. c4 g6 3. g3 Bg7 4. Bg2 0-0 5. 0-0 d6 6. Nc3 e5 7. d3 c6 8. Rb1 a5 9. a3 h6 10. b4 axb4 11. axb4 Be6 12. b5 Nbd7 13. Bb2 d5 14. bxc6 bxc6 15. cxd5 cxd5 16. Ra1 Qc7 17. Nb5 Qb6 18. Ba3 Rfb8 19. Nc3 e4 20. dxe4 Nxe4 21. Nxe4 dxe4 22. Nd2 Bxa1 23. Qxa1 Qa5 24. Nxe4 Qxa3 25. Nf6+ Nxf6 26. Qxf6 Ra5 27. Be4 Qb2 0-1

[Event "Speed Chess Q2 Sw"]
[Site "Chess.com INT"]
[Date "2023.08.23"]
[Round "13"]
[White "Reprintsev, Alexander"]
[Black "Schwabeneder, Florian"]
[Result "1-0"]
[WhiteElo "2225"]
[BlackElo "2389"]
[PlyCount "109"]
[EventDate "2023.08.23"]
[EventType "swiss (blitz)"]
[EventRounds "14"]
[EventCountry "USA"]
[SourceTitle "CBM 215 Extra"]
[Source "ChessBase"]
[SourceDate "2023.09.30"]
[SourceVersion "1"]
[SourceVersionDate "2023.09.30"]
[SourceQuality "1"]

1. e4 c5 2. b3 d6 3. Bb2 e5 4. f4 exf4 5. Qf3 Nf6 6. Qxf4 Be7 7. Bb5+ Nc6 8. Nf3 0-0 9. 0-0 Nb4 10. Na3 a6 11. Be2 b5 12. c4 Bb7 13. d3 Bc6 14. Qd2 Rb8 15. Nb1 Ba8 16. Nc3 Nc6 17. Nd5 bxc4 18. bxc4 Nxd5 19. exd5 Na5 20. Bc3 Nb7 21. Rab1 Qd7 22. Qf4 Rbc8 23. Nd2 f5 24. g4 g6 25. gxf5 Rxf5 26. Qg3 Rcf8 27. Rxf5 Qxf5 28. Rf1 Qg5 29. Ne4 Rxf1+ 30. Bxf1 Qxg3+ 31. hxg3 Kf7 32. Bh3 Nd8 33. Bc8 Bb7 34. Bd7 Kf8 35. Kg2 Nf7 36. Nf6 Ng5 37. Bc6 Bc8 38. Nd7+ Bxd7 39. Bxd7 Kf7 40. Bc8 Bf6 41. Bxf6 Kxf6 42. Bxa6 Ke7 43. Bc8 Kd8 44. Be6 Kc7 45. Kf2 Kb6 46. Ke3 Ka5 47. Kf4 h6 48. Bd7 Kb4 49. Be8 Ka3 50. Bxg6 Kxa2 51. Kf5 Kb3 52. Kf6 Kc3 53. Ke7 Nf3 54. Kxd6 Ne5 55. Kxe5 1-0

[Event "Speed Chess Q1 Sw"]
[Site "Chess.com INT"]
[Date "2023.08.21"]
[Round "8"]
[White "Kramnik, Vladimir"]
[Black "Schwabeneder, Florian"]
[Result "1-0"]
[WhiteElo "2753"]
[BlackElo "2389"]
[PlyCount "59"]
[EventDate "2023.08.21"]
[EventType "k.o. (blitz)"]
[EventRounds "14"]
[EventCountry "USA"]
[SourceTitle "CBM 215 Extra"]
[Source "ChessBase"]
[SourceDate "2023.09.30"]
[SourceVersion "1"]
[SourceVersionDate "2023.09.30"]
[SourceQuality "1"]

1. Nf3 Nf6 2. g3 b6 3. d4 Bb7 4. c4 e6 5. Bg2 Bb4+ 6. Bd2 Be7 7. 0-0 0-0 8. Nc3 d5 9. cxd5 Nxd5 10. Qc2 Nd7 11. Rad1 c5 12. Nxd5 Bxd5 13. e4 Bb7 14. d5 exd5 15. exd5 Nf6 16. Bc3 Ne8 17. Ne5 Bf6 18. Rfe1 Bxe5 19. Rxe5 Nd6 20. Rde1 Nb5 21. h4 h6 22. Qf5 Qd6 23. Re7 Bc8 24. Qe5 Qxe5 25. Bxe5 a6 26. d6 Be6 27. Bxa8 Rxa8 28. a4 Na7 29. d7 Nc6 30. Re8+ 1-0

[Event "Speed Chess Q1 Sw"]
[Site "Chess.com INT"]
[Date "2023.08.21"]
[Round "7"]
[White "Schwabeneder, Florian"]
[Black "Durarbayli, Vasif"]
[Result "0-1"]
[WhiteElo "2389"]
[BlackElo "2631"]
[PlyCount "46"]
[EventDate "2023.08.21"]
[EventType "k.o. (blitz)"]
[EventRounds "14"]
[EventCountry "USA"]
[SourceTitle "CBM 215 Extra"]
[Source "ChessBase"]
[SourceDate "2023.09.30"]
[SourceVersion "1"]
[SourceVersionDate "2023.09.30"]
[SourceQuality "1"]

1. e4 c5 2. Nf3 d6 3. c3 Nf6 4. Be2 Bd7 5. e5 dxe5 6. Nxe5 Nc6 7. Nxd7 Qxd7 8. 0-0 g6 9. d3 Bg7 10. Nd2 0-0 11. a4 Rad8 12. Nc4 b6 13. Qb3 Nd5 14. a5 b5 15. Qxb5 Nd4 16. Qxc5 Nxe2+ 17. Kh1 Rc8 18. Qa3 Nxc1 19. Raxc1 Nf4 20. Rcd1 Nxd3 21. Ne3 Rfd8 22. h3 Bh6 23. Ng4 Bf4 0-1

[Event "Speed Chess Q1 Sw"]
[Site "Chess.com INT"]
[Date "2023.08.21"]
[Round "4"]
[White "Schwabeneder, Florian"]
[Black "Harsh, Suresh"]
[Result "1-0"]
[WhiteElo "2389"]
[BlackElo "2324"]
[PlyCount "81"]
[EventDate "2023.08.21"]
[EventType "k.o. (blitz)"]
[EventRounds "14"]
[EventCountry "USA"]
[SourceTitle "CBM 215 Extra"]
[Source "ChessBase"]
[SourceDate "2023.09.30"]
[SourceVersion "1"]
[SourceVersionDate "2023.09.30"]
[SourceQuality "1"]

1. e4 c5 2. Nf3 g6 3. c3 Bg7 4. d4 cxd4 5. cxd4 d5 6. exd5 Nf6 7. Bb5+ Nbd7 8. Nc3 0-0 9. 0-0 Nb6 10. Re1 Nfxd5 11. Bg5 Be6 12. h3 Rc8 13. Rc1 a6 14. Bf1 h6 15. Bh4 g5 16. Bg3 Nxc3 17. bxc3 Bxa2 18. h4 g4 19. Ne5 h5 20. Qc2 Be6 21. Rb1 Nd5 22. c4 Nf6 23. Qd2 b5 24. cxb5 axb5 25. Rxb5 Bf5 26. Nxf7 Rxf7 27. Rxf5 Ne4 28. Qf4 Rxf5 29. Qxf5 Nxg3 30. fxg3 Qxd4+ 31. Kh2 Rc5 32. Qe6+ Kh8 33. Qxe7 Re5 34. Rxe5 Qxe5 35. Qd8+ Kh7 36. Bd3+ Kh6 37. Qg8 Qxg3+ 38. Kxg3 Be5+ 39. Kf2 Bg3+ 40. Ke2 Bxh4 41. Qg6# 1-0

[Event "Speed Chess Q1 Sw"]
[Site "Chess.com INT"]
[Date "2023.08.21"]
[Round "6"]
[White "Schwabeneder, Florian"]
[Black "Maksimovic, Bojan"]
[Result "1/2-1/2"]
[WhiteElo "2389"]
[BlackElo "2476"]
[PlyCount "193"]
[EventDate "2023.08.21"]
[EventType "k.o. (blitz)"]
[EventRounds "14"]
[EventCountry "USA"]
[SourceTitle "CBM 215 Extra"]
[Source "ChessBase"]
[SourceDate "2023.09.30"]
[SourceVersion "1"]
[SourceVersionDate "2023.09.30"]
[SourceQuality "1"]

1. Nf3 Nf6 2. g3 g6 3. Bg2 Bg7 4. 0-0 0-0 5. c4 d6 6. Nc3 Nc6 7. d3 e5 8. Rb1 a5 9. b3 Re8 10. h3 h6 11. e4 Nd7 12. Be3 Nc5 13. d4 exd4 14. Nxd4 Ne5 15. Ndb5 Bd7 16. Bxc5 dxc5 17. f4 Bxb5 18. Nxb5 c6 19. Nd6 Nf3+ 20. Kh1 Nd4 21. Nxe8 Qxe8 22. Qe1 Qe7 23. Qf2 a4 24. e5 h5 25. b4 Ra7 26. Rfd1 Nf5 27. Be4 Nd4 28. bxc5 Ne6 29. Rd6 Ra5 30. f5 Nxc5 31. Bg2 Bxe5 32. Rdd1 Ra8 33. Qe2 Re8 34. fxg6 fxg6 35. Re1 Qg5 36. Qf3 Rf8 37. Qe3 Qxg3 38. Qxe5 Qxe5 39. Rxe5 b6 40. Rxc5 bxc5 41. Bxc6 Rf2 42. Bxa4 Rxa2 43. Bc6 Kg7 44. Bd5 Kf6 45. Rg1 g5 46. Rf1+ Ke5 47. Kg1 Rc2 48. Rf8 Rc3 49. Kg2 Rc2+ 50. Kg1 Rc3 51. Kg2 Rc2+ 52. Rf2 Rc3 53. Re2+ Kf4 54. Re4+ Kf5 55. Re8 Rc2+ 56. Kf1 Rc3 57. Bg2 Rxc4 58. Rf8+ Ke5 59. Rh8 h4 60. Rf8 Rf4+ 61. Rxf4 Kxf4 62. Bd5 Ke5 63. Bf7 Kd4 64. Kf2 Ke4 65. Bg8 Kf4 66. Kg2 Ke3 67. Bf7 Ke2 68. Bg8 Kd3 69. Bf7 c4 70. Kf3 c3 71. Bg6+ Kd4 72. Kg4 Ke5 73. Kxg5 Ke6 74. Kxh4 Kf6 75. Bc2 Kg7 76. Kg5 Kh8 77. h4 Kg7 78. Kf4 Kh8 79. Kg4 Kg7 80. Kf3 Kh8 81. Ke4 Kg7 82. Kd4 Kh8 83. Kxc3 Kg7 84. Kd4 Kh8 85. h5 Kg7 86. h6+ Kh8 87. h7 Kg7 88. Ke5 Kh8 89. Kf4 Kg7 90. Bb3 Kh8 91. Bg8 Kg7 92. Bf7 Kh8 93. Bg6 Kg7 94. Bf5 Kh8 95. Be4 Kg7 96. Ke5 Kh8 97. Kf6 1/2-1/2

[Event "Titled Tuesday intern op 18th Jul Early"]
[Site "Chess.com INT"]
[Date "2023.07.18"]
[Round "6"]
[White "Philippe, Guillaume"]
[Black "Schwabeneder, Florian"]
[Result "0-1"]
[WhiteElo "2362"]
[BlackElo "2389"]
[PlyCount "118"]
[EventDate "2023.07.18"]
[EventType "swiss (blitz)"]
[EventRounds "11"]
[EventCountry "USA"]
[SourceTitle "EXT 2024"]
[Source "ChessBase"]
[SourceDate "2023.10.10"]
[SourceVersion "1"]
[SourceVersionDate "2023.10.10"]
[SourceQuality "1"]

1. e4 e6 2. d4 d5 3. Nc3 h6 4. Nf3 Nf6 5. e5 Ne4 6. Bd3 Bb4 7. Bd2 Nxd2 8. Qxd2 c5 9. dxc5 Nc6 10. a3 Bxc5 11. 0-0 0-0 12. Ne2 f6 13. Qc3 Bb6 14. Ng3 fxe5 15. Nxe5 Nxe5 16. Qxe5 Qf6 17. Qh5 Bd7 18. Rae1 Bxf2+ 19. Kh1 Qg5 20. Qxg5 hxg5 21. Re5 Bd4 22. Rxg5 Rxf1+ 23. Nxf1 Bxb2 24. Ne3 Bxa3 25. Ng4 Be7 26. Rh5 a5 27. Ne5 Be8 28. Bg6 Bf6 29. Bxe8 Rxe8 30. Ng6 Kf7 31. Nf4 a4 32. Rh3 Ra8 33. Ra3 b5 34. Nd3 Ke7 35. g3 Kd6 36. Kg2 e5 37. Kf2 e4 38. Nf4 b4 39. Ra2 Kc5 40. Ke3 Bg5 41. h4 Bxf4+ 42. gxf4 Kc4 43. h5 a3 44. f5 Kc3 45. Kf4 Ra6 46. Kg5 e3 47. f6 Rxf6 48. h6 Rxh6 49. Ra1 e2 50. Re1 Kd2 51. Rg1 e1Q 52. Rxe1 Kxe1 53. Kg4 Kd2 54. c4 dxc4 55. Kg5 Rf6 56. Kg4 a2 57. Kg5 a1Q 58. Kg4 Qg1+ 59. Kh3 Rh6# 0-1